000 00473nam a2200181Ia 4500
001 3792
005 20260306145709.0
008 260306t2015||||xx |||||||||||||| ||spa||
041 _aESP
082 _a303.4496
_bM28
100 _aMateos, Oscar
_eAUT
245 0 _a¿De la tragedia al milagro?:
_bÁfrica subsahariana en el nuevo contexto multipolar
260 _c2015
300 _a31 páginas :
_c20 cm.
650 _aGEN
654 _aCHU
942 _cLIB
_dJUS
_fJUS
_2ddc
_n
999 _c3792
_d3792